| 000 | 00525nam a2200193Ia 4500 | ||
|---|---|---|---|
| 999 |
_c7522 _d7522 |
||
| 003 | OSt | ||
| 005 | 20201012114513.0 | ||
| 008 | 190216s9999||||xx |||||||||||||| ||und|| | ||
| 020 | _a9780070656642 | ||
| 040 | _coclc | ||
| 082 |
_a658.5 _bLEO/E |
||
| 100 | 1 |
_aLeon, Alexis _91194 |
|
| 245 | 0 |
_aERP Demystified / _cAlexis Leon |
|
| 250 | _a2nd Ed. | ||
| 260 |
_bTata Mcgrawhill Publishers, _aNew Delhi: _c2008. |
||
| 300 | _a585p | ||
| 650 | _aCommerce | ||
| 942 |
_cBK _2ddc _h658.5 _iLEO/E _k658.5 _mLEO/E |
||